000 00483nam a2200157 4500
001 145156
003 ES-MaACL
005 20230906201156.0
007 t|
008 070214s1967 sp r ||||1| spa d
100 1 _aSopeña Ibáñez, Angel.
_9107320
245 1 3 _aLa cesárea abdominal y sus problemas /
_cpor Angel Sopeña Ibáñez.
260 _aMadrid :
_bFicheros Médicos,
_c1967.
300 _aXII, 293 p., 4 lám. :
_bil. ;
_c24 cm.
852 _aES-MaACL
_jC-37872
_bR.69940
999 _c145156
_d145156